Stress and coping : (Record no. 131768)
[ view plain ]
| 000 -LEADER | |
|---|---|
| fixed length control field | 00741nam a22002417a 4500 |
| 005 - DATE AND TIME OF LATEST TRANSACTION | |
| control field | 20170124110140.0 |
| 010 ## - LIBRARY OF CONGRESS CONTROL NUMBER | |
| LC control number | B-010775 |
| 020 ## - INTERNATIONAL STANDARD BOOK NUMBER | |
| International Standard Book Number | 8170367778 |
| Terms of availability | 00.00 |
| 035 ## - SYSTEM CONTROL NUMBER | |
| System control number | B-010775 |
| 037 ## - SOURCE OF ACQUISITION | |
| Stock number | Cen Lib/Ret |
| 040 ## - CATALOGING SOURCE | |
| Original cataloging agency | DPL |
| Language of cataloging | EN |
| 082 ## - DEWEY DECIMAL CLASSIFICATION NUMBER | |
| Classification number | 155.90420954 |
| Item number | PES |
| 100 ## - MAIN ENTRY--PERSONAL NAME | |
| Personal name | Pestoniee, D.M. |
| 9 (RLIN) | 32725 |
| 245 ## - TITLE STATEMENT | |
| Title | Stress and coping : |
| Statement of responsibility, etc | by D.M. Pestoniee |
| Remainder of title | the indian experience / |
| 250 ## - EDITION STATEMENT | |
| Edition statement | 2nd ed |
| 260 ## - PUBLICATION, DISTRIBUTION, ETC. (IMPRINT) | |
| Place of publication, distribution, etc | New Delhi |
| Name of publisher, distributor, etc | Sage publications |
| Date of publication, distribution, etc | 1999 |
| 270 ## - ADDRESS | |
| Address | M-32, Market Greater Kailash |
| City | New Delhi |
| Postal code | 110048 |
| 300 ## - PHYSICAL DESCRIPTION | |
| Extent | 321p. |
| Dimensions | 22cm(Hb) |
| 500 ## - GENERAL NOTE | |
| General note | Includes Index |
| 650 ## - SUBJECT ADDED ENTRY--TOPICAL TERM | |
| Topical term or geographic name as entry element | Stress (Psychology) |
| Geographic subdivision | India |
| 9 (RLIN) | 32726 |
| 650 ## - SUBJECT ADDED ENTRY--TOPICAL TERM | |
| Topical term or geographic name as entry element | Stress management |
| Geographic subdivision | India |
| 9 (RLIN) | 32727 |
| 942 ## - ADDED ENTRY ELEMENTS (KOHA) | |
| Source of classification or shelving scheme | Dewey Decimal Classification |
| Koha item type | English Books |
| Classification part | 155.90420954 |
| Call number suffix | PES |
| Withdrawn status | Lost status | Source of classification or shelving scheme | Damaged status | Not for loan | Collection code | Home library | Current library | Date acquired | Source of acquisition | Cost, normal purchase price | Total Checkouts | Total Renewals | Full call number | Barcode | Date last seen | Date checked out | Copy number | Cost, replacement price | Price effective from | Koha item type |
|---|---|---|---|---|---|---|---|---|---|---|---|---|---|---|---|---|---|---|---|---|
| Dewey Decimal Classification | Non-fiction | Central Library | Central Library | 16/07/2015 | Cen Lib/Ret | 0.00 | 1 | 2 | 155.90420954 PES | B-010775 | 04/11/2019 | 19/09/2019 | 1 | 0.00 | 16/07/2015 | English Books |
